| 000 | 00666nam a2200229Ia 4500 | ||
|---|---|---|---|
| 003 | IN-BaIIA | ||
| 008 | 211028s9999 xx 000 0 eng d | ||
| 020 | _a978-3-540-42739-1 | ||
| 040 | _cIIA Library | ||
| 080 |
_a530.145 _bBAS |
||
| 100 |
_aBasdevant, Jean-Louis _924365 |
||
| 245 | 0 |
_aQuantum mechanics _cJean-Louis Basdevant |
|
| 260 |
_aBerlin _bSpringer-Verlag _c2002 |
||
| 300 | _axxii, 511p.+cd | ||
| 650 |
_aBrightest galaxies _926987 |
||
| 650 |
_aGalaxy clusters _913872 |
||
| 650 |
_aGamma - Ray bursts _910403 |
||
| 650 |
_aGravitational lensing _920376 |
||
| 650 |
_aGravitational waves _93825 |
||
| 700 |
_aDalibard, Jean _924366 |
||
| 942 | _cBK | ||
| 999 |
_c14931 _d14931 |
||